| 000 | 01063nam a2200253 a 4500 | ||
|---|---|---|---|
| 001 | 000046215 | ||
| 003 | DO-SdBNP | ||
| 005 | 20230220100634.0 | ||
| 007 | ta | ||
| 008 | 150707s2001 dr 000 0 spa d | ||
| 040 |
_aDO-SdBNP _bspa _cBNPHU |
||
| 082 | 4 | _222 | |
| 100 | 1 |
_aDespradel, Alberto, _d1948- _974251 |
|
| 245 | 1 | 3 |
_aLa misión diplomática dominicana en la China Continenetal 1947-1950: _b1947-1950 / _cAlberto Despradel ; presentación Miguel Antonio Rodríguez Cabrer. |
| 260 |
_aSanto Domingo : _bSecretaría de Estado de Relaciones Exteriores, Escuela Diplomática y Consular, _c2001. |
||
| 300 |
_a181 p. ; _c23 cm. |
||
| 500 | _aIncluye referencias bibliográficas y notas al pie de las páginas. | ||
| 500 | _aIncluye datos biográficos del autor | ||
| 504 | _aBibliografía : p. 171 | ||
| 590 | _aInventariado, 2023/BT | ||
| 700 | 1 |
_aRodríguez Cabrer, Miguel Antonio, _epresentación _92259 |
|
| 710 | 2 |
_aRepública Dominicana. _bSecretaría de Estado de Relaciones Exteriores, Escuela Diplomática y Consular, _92252 |
|
| 942 |
_2ddc _cLBS1 |
||
| 999 |
_c45704 _d45704 |
||